000
00304nam a2200109Ia 4500
008
220204s9999 xx 000 0 und d
082
_a
543.42
_b
NAC
100
_a
Nachtrier, Norman H
245
0
_a
Principles and practice of spectrochemical analysis
260
_a
New York
_b
McGraw Hill
_c
1950
942
_c
BK
999
_c
19372
_d
19372